000 00927nam a2200277 i 4500
003 DO-SdBNP
005 20240822153826.0
007 ta
008 240822t2017 dr || |||| 00| 0 spa d
020 _a9789945168150
040 _aDO-SdBNP
_bspa
_cBNPHU
_erda
082 4 _222
_bR696
100 _aRodríguez Cruz, Héctor
_eautor
_953177
245 1 3 _aEl enfoque basado en competencias :
_baplicado a la enseñanza y al aprendizaje /
_cHéctor Rodríguez Cruz
264 1 _aSanto Domingo :
_bBúho,
_c2017.
264 3 _c2024.
300 _a210 páginas :
_c23 cm.
336 _2rdacontent
_atexto
_btxt
337 _2rdamedia
_asin mediación
_bn
338 _2rdacarrier
_avolumen
_bnc
500 _aIncluye datos biografícos del autor en la solapa de portada.
500 _aLas competencias del profesor y del estudiante del siglo 21.
590 _aInventariado 2024 / YL
910 _aYLockward
942 _2ddc
_cLBS1
999 _c57534
_d57534